| 000 | 00370nam a2200145Ia 4500 | ||
|---|---|---|---|
| 008 | 221030s9999 xx 000 0 und d | ||
| 041 | _aEnglish | ||
| 082 | _a105.23 | ||
| 100 | _aM. P. Groover | ||
| 245 | 0 |
_aCAD/CAM: Computer - Aided Design and Manufacturing _cby M. P. Groover, E. W. Zimmers |
|
| 260 | _c0 | ||
| 650 | _aB | ||
| 700 | _aE. W. Zimmers | ||
| 942 | _cBK | ||
| 999 |
_c13485 _d13485 |
||